000 00359nam a2200133Ia 4500
008 090124s9999 xx 000 0 und d
082 _b400687
245 _a दोन बिलंदर चोर
250 _a1
300 _a24
630 _a दोन बिलंदर चोर
730 _a दोन बिलंदर चोर
942 _cBOOK
999 _c196608
_d196608